Old me - Lil Peep - Statistics

General Stats
  • This quiz has been taken 8 times
  • The average score is 166 of 254
Answer Stats
Answer % Correct
a
100%
am
100%
i
100%
me
83%
old
83%
the
83%
to
83%
bottle
67%
but
67%
crack
67%
fuck
67%
ghost
67%
it
67%
toast
67%
about
50%
cant
50%
find
50%
give
50%
in
50%
know
50%
lil
50%
make
50%
my
50%
now
50%
only
50%
peep
50%
remember
50%
show
50%
soul
50%
thats
50%
think
50%
told
50%
used
50%
when
50%
you
50%
aint
33%
back
33%
be
33%
blow
33%
die
33%
girl
33%
high
33%
homie
33%
ima
33%
lonely
33%
other
33%
phone
33%
pickin
33%
ring
33%
school
33%
shaw
33%
up
33%
wanna
33%
want
33%
what
33%
wouldnt
33%
your
33%
No matching quizzes found
Score Distribution
Percent of People with Each Score
Percentile by Number Answered
Your Score History
You have not taken this quiz